Top 5 - Geographical Groups of Things - France - Statistics

General Stats
  • This quiz has been taken 191 times
  • The average score is 14 of 30
Answer Stats
Hint Answer % Correct
Largest Metropolitan Areas Paris
98%
Largest Metropolitan Areas Marseille - Aix-en-Provence
95%
Largest Metropolitan Areas Lyon
93%
Longest Rivers that pass through France Seine
90%
Largest Metropolitan Areas Bordeaux
79%
Most populated French Islands* Corsica
78%
Longest Rivers that pass through France Loire
74%
Longest Rivers that pass through France Rhône
72%
Largest Metropolitan Areas Toulouse
72%
Longest Rivers that pass through France Rhine
65%
Most populated Regions Île-de-France
56%
Most populated French Islands* Martinique
55%
Most populated French Islands* Guadeloupe (Grande-Terre)
53%
Most populated French Islands* Réunion
51%
Busiest Parisian Railway Termini Gare du Nord
40%
Biggest Stadiums by Capacity Stade de France
35%
Most populated Regions Auvergne-Rhône-Alpes
31%
Most populated French Islands* New Caledonia (mainland)
31%
Most populated Regions Nouvelle-Aquitaine
30%
Biggest Stadiums by Capacity Parc des Princes
30%
Busiest Parisian Railway Termini Gare de l'Est
27%
Busiest Parisian Railway Termini Gare de Lyon
27%
Most populated Regions Hauts-de-France
27%
Most populated Regions Occitanie
27%
Longest Rivers that pass through France Meuse
18%
Biggest Stadiums by Capacity Stade Vélodrome
18%
Busiest Parisian Railway Termini Gare Montparnasse
15%
Busiest Parisian Railway Termini Gare Saint-Lazare
11%
Biggest Stadiums by Capacity Parc Olympique Lyonnais
6%
Biggest Stadiums by Capacity Stade Pierre-Mauroy
5%
No matching quizzes found
Score Distribution
Percent of People with Each Score
Percentile by Number Answered
Your Score History
You have not taken this quiz